| LEADER | 01661nam a2200505 a 4500 | ||
|---|---|---|---|
| 001 | nkc20102128940 | ||
| 003 | CZ PrNK | ||
| 005 | 20101125104447.0 | ||
| 007 | ta | ||
| 008 | 100930s2010 xr af a 000 0 cze | ||
| 015 | |a cnb002128940 | ||
| 020 | |a 978-80-7371-314-0 |q (brož.) | ||
| 035 | |a (OCoLC)693931738 | ||
| 040 | |a BOA001 |b cze |d ABA001 | ||
| 041 | 1 | |a cze |h spa | |
| 072 | 7 | |a 821-93 |x Literatura pro děti a mládež (beletrie) |2 Konspekt |9 26 | |
| 080 | |a 821-93 |2 MRF | ||
| 080 | |a 629.331 |2 MRF | ||
| 080 | |a 62-1/-9 |2 MRF | ||
| 080 | |a (076.1) |2 MRF | ||
| 080 | |a (084.1.029.2) |2 MRF | ||
| 245 | 0 | 0 | |a 1000 aut a strojů se samolepkami |
| 246 | 3 | |a Tisíc aut a strojů se samolepkami | |
| 250 | |a 1. vyd. | ||
| 260 | |a Praha : |b Sun, |c 2010 | ||
| 300 | |a 48 s. |b barev. il. ; |c 33 cm + |e samolepky ([16] l.) | ||
| 500 | |a Název z obálky | ||
| 500 | |a Ze španělštiny přeložila Kateřina Petrošová | ||
| 500 | |a Listy se samolepkami všity na konci pub. | ||
| 650 | 0 | 7 | |a automobily |7 ph114108 |2 czenas |
| 650 | 0 | 7 | |a stroje |7 ph116295 |2 czenas |
| 650 | 0 | 9 | |a automobiles |2 eczenas |
| 650 | 0 | 9 | |a machines |2 eczenas |
| 655 | 7 | |a publikace pro děti |7 fd133156 |2 czenas | |
| 655 | 7 | |a pracovní sešity |7 fd133116 |2 czenas | |
| 655 | 7 | |a samolepky |7 fd119297 |2 czenas | |
| 655 | 9 | |a children's literature |2 eczenas | |
| 655 | 9 | |a activity books |2 eczenas | |
| 655 | 9 | |a stickers |2 eczenas | |
| 765 | 0 | |t 1000 máquinas y camiones con pegatinas |9 Česky | |
| 910 | 2 | |a BOA001 |b 4-1251.183 | |
| 990 | |a BK | ||
| 995 | |a 01 | ||
| 991 | |b 201011 |e dn | ||
| 996 | 6 | |b 2610449511 |c 4-1251.183 |l MZK |r Sklad / do 1 hodiny |n 0 |p p.v. |w 001149486 |u 000010 |a 1 |e BOA001 |j MZK50 |s P | |
English
Čeština 